TRIGONOMENTRY WITH APPLICATION (Record no. 4542)
[ view plain ]
| 000 -LEADER | |
|---|---|
| fixed length control field | 00441nam a22001697a 4500 |
| 008 - FIXED-LENGTH DATA ELEMENTS--GENERAL INFORMATION | |
| fixed length control field | 260219b |||||||| |||| 00| 0 eng d |
| 020 ## - INTERNATIONAL STANDARD BOOK NUMBER | |
| ISBN | 0395461413 |
| 100 ## - MAIN ENTRY--AUTHOR | |
| Author | GRAHAM, A. JOHN |
| 245 ## - TITLE STATEMENT | |
| Title | TRIGONOMENTRY WITH APPLICATION |
| 250 ## - EDITION STATEMENT | |
| Edition statement | 9th |
| 260 ## - PUBLICATION, DISTRIBUTION, ETC. (IMPRINT) | |
| Place of publication | BOSTON |
| Name of publisher | HOUGHTON MIFFLIN COMPANY |
| Date of publication | 1990 |
| 300 ## - COLLATION | |
| Pagination | IX, 434P. |
| Other physical details | illus |
| 650 ## - TRACINGS | |
| Subdivision (1st) | science study and teaching |
| 942 ## - ADDED ENTRY ELEMENTS (KOHA) | |
| Item type | Books |
| 050 ## - LIBRARY OF CONGRESS CALL NUMBER | |
| Classification number | QA 39.2 |
| Item number | .G73 |
| Source of classification or shelving scheme | Not for loan | Permanent location | Current location | Date acquired | Accession No. | Full call number | Barcode. | Copy number | Koha item type |
|---|---|---|---|---|---|---|---|---|---|
| Library of Congress Classification | Samuel Ogbemudia Main Library, University of Abuja | Samuel Ogbemudia Main Library, University of Abuja | 02/19/2026 | 201952543 | QA 39.2 .G73 | 2026-0031 | 1 | Books |